Methods of testing vulcanized rubber. Part B17. Determination of total copper (Record no. 73261)

MARC details
000 -LEADER
fixed length control field 00455nam a2200133Ia 4500
245 #0 - TITLE STATEMENT
Title Methods of testing vulcanized rubber. Part B17. Determination of total copper
260 ## - PUBLICATION, DISTRIBUTION, ETC. (IMPRINT)
Place of publication London
260 ## - PUBLICATION, DISTRIBUTION, ETC. (IMPRINT)
Year of publication 1959
Name of publisher British Standards Institution
490 ## - SERIES STATEMENT
Series statement British Standards Institution
500 ## - GENERAL NOTE
General note Standard number: BS 903: Part B 17
650 ## - SUBJECT ADDED ENTRY--TOPICAL TERM
Topical Term Rubber vulcanized, Total copper determination
942 ## - ADDED ENTRY ELEMENTS (KOHA)
Koha item type Standards
Holdings
Withdrawn status Lost status Damaged status Not for loan Home library Current library Date acquired Koha item type
      Standards RRII Library RRII Library 31/12/2021 Standards